00250nam a2200109Ia 4500008004100000100001600041245001900057260002800076650001200104942000700116999001700123190216s9999||||xx |||||||||||||| ||und|| aDaniel Sted 0aNow And Former bDell Publishing Company aEnglish cBK c13316d13316